Statistics for 5 Most Important Battles of the American Civil War

Click here to take the quiz!

General Stats

  • This quiz has been taken 74 times
  • The average score is 3 of 5

Answer Stats

HintAnswer% Correct
Ended the South's last full scale invasion of the NorthThe Battle of Gettysburg
94%
The Battle of ________ contained the single bloodiest day of the Civil War.The Battle of Antietam
85%
The Union attacked first, but a Confederate counterattack shattered the Union Army.The First Battle of Bull Run
48%
This Battle was the second-bloodiest battle of the Civil War.The Battle of Chickamauga
34%
This important battle occurred right after the Battle of the Wilderness.The Battle of Spotsylvania
28%

Score Distribution

Percentile by Number Answered

Percent of People with Each Score

Your Score History

You have not taken this quiz